Normal view
MARC view
- خداش، حسام الدين/ م.مشارك علي ذنيبات
Entry Personal Name
001 - CONTROL NUMBER
- control field: 45202
003 - CONTROL NUMBER IDENTIFIER
- control field: JO-AjAnu
005 - DATE AND TIME OF LATEST TRANSACTION
- control field: 20230606081459.0
008 - FIXED-LENGTH DATA ELEMENTS
- fixed length control field: 230606|| aca||aabn | a|a d
040 ## - CATALOGING SOURCE
- Original cataloging agency: JO-AjAnu
- Transcribing agency: JO-AjAnu
100 ## - HEADING--PERSONAL NAME
- Personal name: خداش، حسام الدين/ م.مشارك علي ذنيبات
670 ## - SOURCE DATA FOUND
- Source citation: Work cat.: (JO-AjAnu)23144: خداش، حسام الدين/ م.مشارك علي ذنيبات, author, محاسبة التكاليف، المحاسبة الادارية، النظرية المحاسبية، معايير التدقيق الدولية: المادة العلمية والعملية للتأهيل لامتحان المحاسب القانوني الاردني=JCPA Review، ج2